000 00240nam a2200097Ia 4500
001 690764
005 20250826161822.0
008 250824s9999 xx 000 0 und d
245 0 _aFARKIMA TAKILANLAR
_cHAKAN BİLGİN
260 _bELMA YAYINLARI
999 _c690764
_d690764